000 00366nam a2200145Ia 4500
008 210210b1980 xxu||||| |||| 00| 0 eng d
082 _a232 EMMF
100 _aEMMERSON (W L).
245 _aFootprints of Jesus.P2.
260 _aPoona
_bThe Oriental Watchman Publishing House
_c1980
300 _a187
650 _aJesus
690 _aChristianity
906 _a035042
999 _c85612
_d85612